zpět

Detail výsledku týmu

Mama Shelter - Holešovice, Praha

Datum a čas kvízu

35.5 Celkem bodů Celkový počet nahraných bodů na tomto kvízu bez doplňovacích otázek.
2. Pořadí na kvízu Konečné umístění týmu na tomto kvízu.

Zaznamenané odpovědi

# Otázka Odpověď Body Výsledky
1. Hasiči v pondělí na poslední c... B 1
2. V bavorském městečku Burgsinn... Penny 0
3. Minulý týden potvrdili konec s... David Prachař; Linda Rybová 1
4. Minulý týden byla na technolog... lízátko (Lollipop Star) 0
5. V úterý jsme se dozvěděli nomi... A 1
6. Frank Lloyd Wright bývá označo... Guggenheimovo muzeum 0
7. Seřaďte uvedené události od té... 1D 2B 3C 4A 0
8. Jak si říká tento americký zpě... Lenny Kravitz; New York City 0.5
9. Turisté v NYC míří nejen do di... 1C 2B 3A 4D 1
10. Jak se jmenuje fiktivní město,... Gotham (City); Bronx 1